[Event "RUS-chT 05th"]
[Site "Maikop"]
[Date "1998.06.10"]
[Round "8"]
[White "Iljushin, Alexei"]
[Black "Kobalia, Mihail"]
[Result "0-1"]
[WhiteElo "2460"]
[BlackElo "2500"]
[Annotator "Huzman,A"]
[PlyCount "75"]
[EventDate "1998.06.03"]
[EventType "team-tourn"]
[EventRounds "11"]
[EventCountry "RUS"]
[SourceTitle "CBM 066"]
[Source "ChessBase"]
[SourceDate "1998.09.30"]
[SourceVersion "1"]
[SourceVersionDate "1998.09.30"]
[SourceQuality "1"]
[WhiteTeam "Saratov GShK"]
[BlackTeam "Moscow Apiko-Yakimanka"]
[WhiteTeamCountry "RUS"]
[BlackTeamCountry "RUS"]

1. d4 d5 2. c4 c6 3. Nf3 Nf6 4. Qc2 dxc4 5. Qxc4 Bf5 6. g3 e6 7. Bg2 Nbd7 8.
O-O Be7 9. Nc3 O-O 10. e3 Ne4 11. Ne1 Nd6 (11... Nxc3 12. bxc3 e5 13. f4 exd4
14. cxd4 Nf6 15. h3 Bd6 16. g4 Be4 $15 {1-0 Ardiansyah,H-Tarjan,J/Indonesia
1983 (40)}) (11... Nef6 12. Qe2 e5 13. dxe5 Nxe5 14. e4 Bg4 15. Qc2 Qb6 16. Be3
Qa6 17. h3 Be6 18. b3 Rad8 19. Na4 b6 20. f4 Nd3 21. Nxd3 Qxd3 22. Qxd3 Rxd3
23. Kf2 Rfd8 $11 {1-0 Gyorkos,L-Molnar,B/Szekszard op 1993 (45)}) 12. Qe2 (12.
Qb3 e5 13. d5 Nc5 14. Qd1 (14. Qa3 Qb6 $15 {[%csl Ra3,Rc1,Re1]}) 14... Nde4 $15
) 12... e5 13. dxe5 (13. d5 cxd5 (13... e4 $5 14. dxc6 bxc6 {[%csl Rc1,Re1]
[%cal Yd7e5]}) 14. Nxd5 Nf6 $11) 13... Nxe5 {In this position the result of
the struggle depends on the fact if the white succeed in taking the space in
the centre with the help of pawns "e" and "f" or the black will stop their
moving or they will be blocked and then the advantage of the black in the
centre and on the queen's side will be clear.} 14. e4 (14. f4 Bg4 (14... Nd7
15. e4 Be6 16. b3 $14) 15. Qc2 Nd7 16. e4 Qb6+ 17. Kh1 Rad8 $11) 14... Be6 {
[%cal Ye6c4]} 15. b3 c5 {[%cal Ye5c6,Yc6d4]} (15... Re8 16. Bb2 $14) 16. Bb2 (
16. f4 Nc6 17. e5 Nf5 $15) 16... Nc6 17. Nc2 $2 (17. f4 $1 Nd4 (17... f6 18.
Nd5 Re8 19. Rd1 $16) (17... c4 18. f5 (18. e5 Nf5 $36 {[%cal Ye7c5,Yc5g1,Yf5e3,
Yf5d4,Yc6d4]}) 18... Qb6+ (18... Bd7 19. Nd5 $40 {[%cal Gf5f6]}) 19. Kh1 Bd7
20. Nd5 $16) 18. Qf2 $36) 17... Bf6 18. f4 Nd4 19. Qf2 Nxc2 20. Qxc2 Bd4+ 21.
Kh1 Re8 $11 22. Na4 Rc8 23. Rad1 (23. Bxd4 cxd4 24. Qd3 b5 (24... Bd7 $5 25.
Qxd4 (25. Rfc1 Rxc1+ (25... Nb5 26. e5) (25... Bc6 26. e5 Nb5 27. Bxc6 bxc6 28.
Rc5 Nc7 29. f5 $1 $16 (29. Qe4 Ne6 30. Rxc6 Rxc6 31. Qxc6 d3 32. Rd1 Re7 $44))
26. Rxc1 Bc6 27. e5 Nb5 28. Rxc6 $1 (28. Bxc6 bxc6 29. Qe4 Re7 $132) 28... bxc6
29. Bxc6 a6 30. Bxe8 Qxe8 $132) 25... Nxe4 26. Qxa7 Bc6 $44) 25. Nb2 Qb6 26.
Rfd1 (26. Rac1 $142) 26... f5 $1 27. Qxd4 (27. e5 Ne4 $1 28. Bxe4 fxe4 29. Qxe4
Red8 $40 {-/+}) 27... Qxd4 (27... Nxe4 28. Qxb6 axb6 $11) 28. Rxd4 Nxe4 $15 {
[%cal Yc8c2]} 29. Nd3 Rcd8 $17) 23... Bg4 24. Rde1 (24. Rd2 b5 25. Bxd4 cxd4
26. Nc5 Nb7 27. b4 Nxc5 28. bxc5 Be2 $1 $17) 24... Qa5 (24... b5 $5 25. Nc3 Qd7
$15) 25. Bc3 (25. e5 b5 $1 (25... Nb5 26. Bxb7 $16) 26. Bc3 Qd8 27. exd6 (27.
Nb2 Nf5 $36 {[%cal Yf5e3]}) 27... Rxe1 28. Rxe1 bxa4 29. h3 (29. Bb7 Rb8 (29...
Qxd6 30. Bxd4 Qxd4 31. h3) 30. Bxd4 cxd4 31. Be4 (31. Qc7 d3 $1 $17) 31... axb3
32. axb3 Qxd6 $15) 29... Qxd6 $1 30. Bxd4 cxd4 31. Qxc8+ Bxc8 32. Re8+ Qf8 33.
Rxf8+ Kxf8 $17) 25... Qa6 {[%cal Yb7b5]} 26. f5 $2 (26. e5 Nf5 $15) (26. h3 Bd7
$15) 26... f6 $17 27. h3 Bh5 28. g4 Bf7 29. Bd2 (29. Rd1 Nb5 30. Bxd4 cxd4 31.
Qd3 Qa5 $17) 29... c4 $1 30. b4 c3 $19 31. Bf4 (31. Nxc3 Nb5 32. Rf3 Bxc3 33.
Bxc3 Nd4 $19) 31... Nc4 {[%cal Yc4a3]} 32. Nc5 (32. Rd1 Na3 (32... Ne3) 33. Qc1
(33. Qd3 Qxd3 34. Rxd3 Nb5 $19) 33... Nb5 $19 {[%csl Ra4]}) 32... Qb6 33. e5
fxe5 34. Bc1 Qxb4 35. Ne4 Nd2 36. g5 Nxf1 37. f6 Rc6 38. g6 0-1

[Event "POL-ch 60th"]
[Site "Warsaw"]
[Date "2003.05.01"]
[Round "10"]
[White "Urban, Klaudiusz"]
[Black "Jaracz, Pawel"]
[Result "1/2-1/2"]
[WhiteElo "2451"]
[BlackElo "2549"]
[Annotator "Huzman,A"]
[PlyCount "48"]
[EventDate "2003.04.22"]
[EventType "tourn"]
[EventRounds "13"]
[EventCountry "POL"]
[EventCategory "12"]
[SourceTitle "CBM 095"]
[Source "ChessBase"]
[SourceDate "2003.07.25"]
[SourceVersion "1"]
[SourceVersionDate "2003.07.25"]
[SourceQuality "1"]

1. d4 Nf6 2. c4 c6 3. Nf3 d5 4. Qb3 dxc4 5. Qxc4 Bf5 6. g3 e6 7. Bg2 Nbd7 8.
O-O Be7 9. Nc3 O-O 10. Re1 Ne4 11. Qb3 Qb6 12. Nh4 Bxh4 (12... Qxb3 13. axb3
Bb4 (13... Bxh4 14. gxh4 Nef6 (14... Ndf6 15. f3 Nxc3 16. bxc3 a5 17. e4 Bg6
18. Bf4 $14 {1-0 Kludacz,M-Horn,E/Stockholm 2001/EXT 2002 (41)}) 15. e4 Bg6 16.
Bf4 Rfe8 17. Bd6 $14 {0-1 Kludacz,M-Kononenko,T/Warsaw 2001/CBM 82 ext (46)})
14. Nxf5 exf5 15. Bxe4 fxe4 16. Bd2 Rfe8 17. Nxe4 Rxe4 18. Bxb4 Rxd4 19. Bc3
Re4 (19... Rd6 20. Red1 Rxd1+ 21. Rxd1 Nf8 22. e4 Ne6 23. Rd7 Nc5 24. Re7 Kf8
25. Rc7 Nxe4 26. Rxb7 Nxc3 27. bxc3 a5 $11 {0-1 Grabarczyk,M-Barkhagen,J/
Stockholm 2001/CBM 85 (79)}) 20. Red1 Nf6 21. Bxf6 gxf6 22. e3 Rb4 $11 {
1/2-1/2 Urban,K-Kuczynski,R/Cetniewo 1991/CBM 22 ext (30)}) (12... Bb4 13. Nxf5
exf5 14. Bxe4 (14. Qc2 Qxd4 (14... Qa5 15. Bd2 Nxd2 16. Qxd2 Nb6 17. a3 Bxc3
18. bxc3 Nd5 19. Rec1 Rfe8 20. Qd3 Nf6 21. c4 $14 {0-1 Gokhale,C-Szuhanek,R/
Calcutta 1999/CBM 69 ext (58)}) 15. Bxe4 Bxc3 16. Rd1 Qxe4 17. Qxe4 fxe4 18.
Rxd7 Be5 19. Rxb7 Rfb8 20. Rxb8+ Rxb8 21. Rb1 c5 22. Be3 {1/2-1/2 Tkachiev,
V-Vallejo Pons,F/Biel 2002/CBM 91 (22)}) 14... fxe4 15. Rd1 Rfe8 16. Be3 Qa5
17. d5 c5 18. a4 Qb6 19. Nb5 Ba5 20. Qc2 a6 21. Na3 $16 {1-0 Grabarczyk,
M-Krivoshey,S/Griesheim GER 2003/(40)}) 13. gxh4 (13. Nxe4 Bxe4 14. Bxe4 Bf6
15. Qc2 Bxd4 16. Bxh7+ Kh8 17. e3 Bf6 18. Bd3 Nc5 $11 {1/2-1/2 Benko,
P-Gheorghiu,F/Mar del Plata 1965/MCD (27)}) (13. Qxb6 Nxb6 14. Nxe4 Bxe4 15.
Bxe4 Bf6 $11) 13... Nef6 (13... Nxc3 14. Qxc3 Bg6 15. Bf4 Rfe8 16. Rad1 f6 17.
e4 e5 18. Be3 Qc7 19. d5 $16 {0-1 Ivanchuk,V-Bareev,E/Monaco 2002/CBM 87 ext 
(28)}) 14. Qxb6 (14. e4 Bg6 (14... Qxb3 15. axb3 Bg6 16. Bf4 Rfe8 17. Rad1 Bh5
18. f3 $14 {1-0 Grabarczyk,M-Sherwin,J/Panormo 2001/CBM 84 ext (31)}) 15. Qxb6
axb6 16. Bf4 {1/2-1/2 Grabarczyk,M-Ivanchuk,V/Warsaw 2001/CBM 84/[Konikowski] 
(16)}) 14... axb6 15. Bf4 b5 $132 16. Bd6 Rfd8 17. a4 (17. e4 $5 Bg6 18. Rad1
Nf8 19. Bc5 Bh5 20. f3 (20. Rd2 e5 $132) 20... Ng6 $132) 17... bxa4 (17... Nb8
18. Be7 Rxd4 19. axb5 Rxa1 20. Rxa1 cxb5 21. b4 $1 $16) 18. Nxa4 (18. e4 Bg6
19. Rxa4 Rxa4 20. Nxa4 Nf8 21. Bc5 N8d7 22. Be7 Ra8 23. Nc3 $14) 18... Nf8 (
18... Ne4 19. Bc7 Rdc8 20. Bf4 b5 21. Nc3 Ndf6 22. f3 (22. Nxe4 Bxe4 23. f3 Bd5
24. e4 $14) 22... Nxc3 23. bxc3 $14) 19. Be5 (19. Bc5 $5 N6d7 20. Be7 (20. e4
Nxc5 21. Nxc5 Rxa1 22. Rxa1 Bg6 23. Nxb7 Rxd4 24. e5 $44) 20... Re8 21. Bd6 $14
) 19... Ng4 20. Bg3 $1 (20. Nc5 Nxe5 21. dxe5 b6 (21... Rxa1 22. Rxa1 b6 23.
Na4 b5 24. Nc5 $36) 22. Na4 Rab8 23. Bxc6 Ng6 $15) 20... Rxd4 21. Nc5 $44 Rxa1
22. Rxa1 b6 (22... Rd2 23. b4 b6 24. Na4 $44) 23. Nb7 (23. Na4 $5 b5 (23... Rd2
24. Bxc6 Rxe2 25. b4 $44) 24. Nc5 Rd2 25. b4 Rxe2 26. Bxc6 $44) 23... h5 (23...
c5 24. Bc7 Rd2 25. Bxb6 c4 26. Na5 Rxb2 27. Nxc4 Rxe2 28. h3 Ne5 (28... Nf6 29.
Nd6 Bg6 30. Ra8 $44) 29. Nxe5 Rxe5 30. Ra8 $44) 24. Bxc6 {[%cal Ga1a8]} Ng6 (
24... Ng6 25. e4 Ne7 26. exf5 Nxc6 27. fxe6 fxe6 28. Re1 Rb4 29. h3 Nh6 (29...
Nf6 30. Rxe6 Nd4 31. Re7 Rxb2 32. Nd6 $11) 30. Rxe6 Nd4 31. Re8+ Kh7 32. Nd6
Rxb2 33. Be5 $11) 1/2-1/2

[Event "FRA-chT Gp-B"]
[Site "France"]
[Date "2003.04.05"]
[Round "6.2"]
[White "Georgiev, Kiril"]
[Black "Fontaine, Robert"]
[Result "1/2-1/2"]
[WhiteElo "2654"]
[BlackElo "2529"]
[Annotator "Huzman,A"]
[PlyCount "91"]
[EventDate "2003.01.31"]
[EventType "team"]
[EventRounds "7"]
[EventCountry "FRA"]
[SourceTitle "CBM 095"]
[Source "ChessBase"]
[SourceDate "2003.07.25"]
[SourceVersion "1"]
[SourceVersionDate "2003.07.25"]
[SourceQuality "1"]
[WhiteTeam "Mulhouse"]
[BlackTeam "Cannes"]
[WhiteTeamCountry "FRA"]
[BlackTeamCountry "FRA"]

1. d4 d5 2. c4 c6 3. Nf3 Nf6 4. Qc2 dxc4 5. Qxc4 Bf5 6. g3 e6 7. Nc3 Nbd7 8.
Bg2 Be7 9. O-O O-O 10. e3 b5 11. Qe2 b4 12. Na4 Qa5 13. b3 Be4 (13... Qb5 14.
Re1 Bd3 (14... Rac8 15. a3 Qxe2 16. Rxe2 a5 17. axb4 Bxb4 18. Ba3 Bxa3 19. Rxa3
c5 $11 {0-1 Istratescu,A-Itkis,B/Bucharest ROM 2000/ (34)}) 15. Qd1 Rac8 16.
Bb2 Rfd8 17. Rc1 Qa6 18. Nd2 Bb5 19. Bf1 Qb7 {1/2-1/2 Vasilescu,L-Navrotescu,C/
ROM 1993/EXT 98 (19)}) 14. Bb2 (14. Nd2 Bxg2 15. Kxg2 Nb6 16. Nxb6 axb6 17. e4
Qa6 $1 18. Nc4 Qb7 {[%cal Ya8a6,Yf8a8,Yb7g2]} 19. f3 Ra6 20. Be3 Rfa8 $11 {
0-1 Kaspi,A-Huzman,A/Ramat Aviv/Modiin 2000/CBM 81/[Huzman] (49)}) 14... Nb6 (
14... Qh5 15. Rfe1 Rfd8 16. Rac1 Rac8 17. Ne5 Qxe2 18. Rxe2 Bxg2 19. Kxg2 Nxe5
20. dxe5 Nd7 21. Rec2 c5 22. Bd4 Rc6 23. e4 Ra6 24. Be3 Kf8 25. f4 Ke8 26. Kf3
f6 27. exf6 gxf6 28. g4 $16 {1-0 Ribshtein,N-Bloemhard,R/Dieren 1999/CBM 71
ext (63)}) (14... Rac8 15. Nd2 Bxg2 16. Kxg2 c5 17. dxc5 Nxc5 18. Nc4 Qa6 19.
Nxc5 Rxc5 20. e4 Rd8 21. a3 (21. a4 Rc7 22. Rfd1 Rcd7 23. f3 $14 {1/2-1/2
Konopka,M-Siklosi,Z/AUT 2000/EXT 2002 (46)}) 21... Qb7 22. axb4 Rc7 23. Bxf6 {
1/2-1/2 Konopka,M-Rogic,D/AUT 2000/EXT 2002 (23)}) (14... Rfc8 15. Nd2 Bxg2 16.
Kxg2 Nb6 17. a3 Nxa4 18. bxa4 b3 19. Qc4 Qxd2 {0-1 Palacios Perez,M-Rodriguez
Guerrero,E/Ayamonte 2002/CBM 90 ext (19)}) 15. Nxb6 axb6 16. Rfc1 Qh5 $1 (16...
Qd5 17. Ne1 Bxg2 18. Nxg2 Ra5 19. Nf4 Qe4 20. f3 $16) 17. Qd1 Qd5 18. Ne1 Bxg2
19. Nxg2 Ra5 $132 {[%csl Ra2,Rc6]} 20. Nf4 Qe4 21. Rc4 Nd5 (21... Rfa8 $2 22.
d5 $18) 22. Qd3 Qxd3 23. Nxd3 c5 $11 24. e4 Nf6 25. dxc5 bxc5 26. a4 bxa3 27.
Rxa3 Rb5 $1 {[%csl Rb3,Rc5] The weak "b" and "c" pawns simply balance each
other off.} 28. Ne5 {[%cal Ge5c6]} Rc8 29. Bc3 Bd6 30. Nxf7 $5 Kxf7 31. e5 Be7
$1 32. exf6 Bxf6 33. b4 $1 cxb4 $1 34. Ra7+ Kg6 35. Rxc8 Bxc3 (35... bxc3 $5
$14) 36. Rcc7 b3 $1 37. Rab7 Rxb7 38. Rxb7 b2 39. Rb5 Bd4 {Black's passing
pawn and centralized B easily make up for the missing exchange.} 40. Kg2 e5 41.
Kf3 Kf5 42. h3 h5 43. Ke2 g5 44. Rb3 g4 45. hxg4+ hxg4 46. f3 (46. f3 gxf3+ 47.
Kxf3 e4+ 48. Ke2 Kg4 49. Rb5 Kxg3 50. Rxb2 Bxb2 51. Ke3 $11) 1/2-1/2

[Event "Capablanca Memorial Elite 38th"]
[Site "Havana"]
[Date "2003.05.11"]
[Round "6"]
[White "Ikonnikov, Vyacheslav"]
[Black "Granda Zuniga, Julio E"]
[Result "0-1"]
[WhiteElo "2546"]
[BlackElo "2628"]
[Annotator "Huzman,A"]
[PlyCount "84"]
[EventDate "2003.05.06"]
[EventType "tourn"]
[EventRounds "11"]
[EventCountry "CUB"]
[EventCategory "13"]
[SourceTitle "CBM 096"]
[Source "ChessBase"]
[SourceDate "2003.09.25"]
[SourceVersion "1"]
[SourceVersionDate "2003.09.25"]
[SourceQuality "1"]

1. d4 d5 2. Nf3 Nf6 3. c4 c6 4. Qb3 dxc4 5. Qxc4 Bf5 6. g3 e6 7. Bg2 Be7 8. O-O
O-O 9. Nc3 Nbd7 10. Re1 Ne4 11. Bf4 Nxc3 12. bxc3 Be4 13. Qb3 (13. Bf1 c5 14.
Nd2 Nb6 15. Qb3 Bd5 16. Qd1 Bc6 {1/2-1/2 Portisch,L-Lengyel,L/Budapest 1965/
MCD (16)}) (13. a4 c5 (13... Nb6 14. Qa2 Qd5 15. a5 Nc4 16. Nh4 Bxh4 17. f3 e5
18. fxe4 Qb5 19. Reb1 Qa6 20. Bxe5 Nxe5 21. gxh4 Nc4 22. e5 $16 {1-0 Horvath,
J-Vigus,J/Haarlem 1998/EXT 99 (33)}) 14. a5 Rc8 15. Qb3 Nf6 16. Red1 cxd4 17.
Rxd4 Qe8 18. Ne5 Bxg2 19. Kxg2 Bc5 20. Rdd1 Qe7 21. Bg5 Rfd8 22. Ng4 h5 23.
Nxf6+ gxf6 24. Bh6 {1/2-1/2 Almasi,I-Erenburg,S/Budapest 2002/EXT 2003 (24)}) (
13. Bh3 c5 14. Qb3 cxd4 15. cxd4 Qb6 16. Qe3 Bg6 17. Bg2 Rac8 18. Nh4 Bc2 19.
Rec1 Bb4 20. Be4 Rc3 $17 {1/2-1/2 Tobak,A-Mashinskaya,I/Koszalin 1999/EXT 2000
(46)}) 13... c5 (13... Nb6 14. Ne5 (14. Rac1 c5 15. a4 cxd4 16. cxd4 Qd5 17.
Qxd5 Nxd5 18. Ne5 Bxg2 19. Kxg2 Nxf4+ 20. gxf4 Bd6 $11 {1-0 Sergeev,V-Rapoport,
I/Pardubice 1996/CBM 55 ext (79)}) 14... Bxg2 15. Kxg2 c5 16. e4 cxd4 17. Rad1
d3 18. Rxd3 Qc8 19. a4 Rd8 20. Rxd8+ Bxd8 21. a5 Nd7 22. Qa4 Nf6 23. Rb1 Bc7
24. a6 bxa6 25. Nc6 Kh8 26. Bxc7 Qxc7 27. Qxa6 Nxe4 28. Rb7 Qc8 29. Nxa7 Qe8
30. Qc6 Qxc6 31. Nxc6 Nxc3 32. Rxf7 $14 {1/2-1/2 Ikonnikov,V-Leitao,R/Havana
CUB 2003/(55)}) 14. Nd2 (14. Red1 Qc8 15. Rac1 c4 {1/2-1/2 Efimov,I-Knezevic,M/
Prague 1985/MCD (15)}) 14... Bxg2 15. Kxg2 b6 (15... Nb6 16. Nf3 Bd6 (16... Qd5
) 17. Bxd6 Qxd6 18. a4 Rab8 19. a5 Nd7 20. e4 Rfc8 21. Red1 Qa6 {1/2-1/2
Horvath,G-Savchenko,S/Pula 1994/EXT 2000 (21)}) 16. e4 Nf6 17. Nf3 Qc8 18. Rad1
Rd8 19. d5 c4 20. Qa4 exd5 21. exd5 Bf8 22. Bg5 $2 (22. d6 a6 23. Rd4 b5 24.
Qd1 Qc6 25. Kg1 Nd7 $13) 22... Rxd5 23. Bxf6 Ra5 $1 24. Qc2 gxf6 25. Rd4 f5 26.
Red1 $2 (26. Qe2 $1 Rc5 (26... b5 27. Rd5 $44 {[%csl Ra5]}) 27. Ne5 Bg7 (27...
Qb7+ 28. Kg1 Bg7 29. f4 b5 30. Qh5 Rd5 31. Red1 Rad8 32. Rxd5 Rxd5 33. Rxd5
Qxd5 34. Qxf5 $132) 28. f4 b5 29. Qf3 Rb8 30. Rd6 $44) 26... Qc6 $17 27. Rf4
Bg7 28. Rxf5 Rxf5 29. Qxf5 Bxc3 30. Kg1 (30. Rd7 Bf6 {[%cal Yc6e6]} 31. g4 (31.
Qg4+ Kf8 $17) 31... Qe6 $17) 30... Bg7 31. Ng5 (31. Rd7 Qe6 $17 32. Qxe6 fxe6
33. Rc7 b5 34. Ng5 Re8 35. Rxa7 Rc8 $1 $19) 31... Qg6 $19 32. Qf3 Re8 33. h4 c3
34. Rc1 c2 35. Qd5 h6 36. Nf3 Rc8 37. h5 Qg4 38. Ne1 Qe2 39. Kg2 Bb2 40. Qd7
Rc5 41. Qd8+ Kg7 42. Nf3 Rf5 0-1

[Event "RUS-ch 53rd"]
[Site "Samara"]
[Date "2000.06.21"]
[Round "5"]
[White "Iljushin, Alexei"]
[Black "Kobalia, Mihail"]
[Result "1-0"]
[WhiteElo "2515"]
[BlackElo "2593"]
[Annotator "Huzman,A"]
[PlyCount "71"]
[EventDate "2000.06.03"]
[EventType "swiss"]
[EventRounds "11"]
[EventCountry "RUS"]
[SourceTitle "CBM 078"]
[Source "ChessBase"]
[SourceDate "2000.10.18"]
[SourceVersion "1"]
[SourceVersionDate "2000.10.18"]
[SourceQuality "1"]

1. d4 d5 2. c4 c6 3. Nf3 Nf6 4. Qc2 dxc4 5. Qxc4 Bf5 6. g3 e6 7. Bg2 Nbd7 8.
O-O Be7 9. Nc3 O-O 10. e3 Ne4 11. Ne1 Nxc3 12. bxc3 e5 (12... Nf6 13. f3 Qd7
14. e4 Bg6 15. Nd3 $16) 13. Nf3 (13. e4 $2 Be6 14. Qe2 Nb6 $17 {[%csl Rc4]})
13... e4 $6 {It is a very risky decision.Now White have clear way of
development initiative on the queen's side.} (13... Be4 $5 14. Qb3 (14. dxe5 $2
Bxf3 (14... Nc5 $5 $36 {[%csl Rc4]}) 15. Bxf3 Nxe5 16. Qe2 Nxf3+ 17. Qxf3 Qd3
$17) (14. Nxe5 $140 $2 Nxe5 15. dxe5 Bd3 $17) 14... Qc7 15. Rd1 Rad8 16. Ba3
Bxa3 17. Qxa3 Rfe8 $11) 14. Nd2 Be6 15. Qe2 f5 16. a4 c5 17. f3 $1 exf3 18.
Bxf3 Rb8 19. d5 Bf7 20. c4 Bf6 21. Ra3 $1 {[%cal Ga3f3,Gf1f8]} Ne5 {It looks
that Black have very comfortable blocading position but bad placed Bf7 create
problems for them.} 22. Bg2 Bg6 23. e4 fxe4 24. Nxe4 Bxe4 25. Bxe4 Qb6 (25...
Qd6 26. Bf4 Rbe8 27. Bf5 $1 $16) 26. Bf4 (26. Bf5 $5 Qb4 27. Rf4 Rbe8 28. Be6+
Kh8 29. Kg2 $16) 26... Qb4 27. Bxe5 $1 Bxe5 (27... Qxa3 28. Bxb8 Rxb8 29. Bc2
Bd4+ 30. Kh1 Qe3 31. Qxe3 $1 (31. Qg4 g6 32. d6 Rf8 $11) 31... Bxe3 32. Bf5 $16
{[%cal Gf5e6]}) 28. Raf3 $1 $40 g6 (28... Rxf3 29. Qxf3 g6 30. Qf7+ (30. d6 Kh8
31. d7 $36 (31. Bd5 Qxa4 32. Qf7 Qe8 $11) 31... Qxc4 32. Bd5 (32. Qf8+ Rxf8 33.
Rxf8+ Kg7 34. d8=Q Bd4+ 35. Kh1 Qc1+ 36. Kg2 Qd2+ 37. Kh3 Qh6+ 38. Kg4 Qh5+ 39.
Kf4 Qh6+ $11) 32... Qd4+ 33. Kh1 $44) 30... Kh8 31. Qe7 $1 Bg7 32. d6 Qxc4 33.
Kg2 Qxa4 34. d7 Qa2+ 35. Rf2 Qg8 36. Rf7 $16) 29. d6 $1 Qb2 (29... Bxd6 30.
Bd5+ Kg7 31. Rf7+ Rxf7 32. Rxf7+ Kh8 33. Qe6 $18) (29... Bd4+ 30. Kh1 Rxf3 31.
Qxf3 Qxa4 32. Qf7+ Kh8 33. d7 Bg7 34. Qe7 Qa5 35. Qe8+ $18) 30. Bd5+ Kg7 31.
Rf7+ Rxf7 32. Rxf7+ Kh8 33. Qxb2 Bxb2 34. Bxb7 $18 Bg7 35. d7 Rd8 36. Kg2 1-0

[Event "Griesheim GM 3rd"]
[Site "Griesheim"]
[Date "2003.02.03"]
[Round "6"]
[White "Grabarczyk, Miroslaw"]
[Black "Krivoshey, Sergei"]
[Result "1-0"]
[WhiteElo "2506"]
[BlackElo "2503"]
[Annotator "Huzman,A"]
[PlyCount "79"]
[EventDate "2003.01.29"]
[EventType "tourn"]
[EventRounds "9"]
[EventCountry "GER"]
[EventCategory "11"]
[SourceTitle "CBM 094"]
[Source "ChessBase"]
[SourceDate "2003.05.26"]
[SourceVersion "1"]
[SourceVersionDate "2003.05.26"]
[SourceQuality "1"]

1. d4 d5 2. c4 c6 3. Nf3 Nf6 4. Qc2 dxc4 5. Qxc4 Bf5 6. g3 e6 7. Bg2 Nbd7 8.
O-O Be7 9. Nc3 O-O 10. Re1 Ne4 11. Qb3 Qb6 12. Nh4 (12. Qxb6 axb6 13. Nxe4 Bxe4
14. Ne5 Nxe5 15. Bxe4 Nc4 $10 {1/2-1/2 Portisch,L-Unzicker,W/Santa Monica 1966/
MCL/[Ftacnik] (59)}) 12... Bb4 (12... Bxh4 13. Nxe4 (13. gxh4 $146 Nef6 (13...
Nxc3 14. Qxc3 Bg6 15. Bf4 Rfe8 16. Rad1 f6 17. e4 e5 18. Be3 Qc7 19. d5 $14 {
0-1 Ivanchuk,V-Bareev,E/Monaco 2002/CBM 87 ext (28)}) 14. e4 Bg6 15. Qxb6 axb6
16. Bf4 {1/2-1/2 Grabarczyk,M-Ivanchuk,V/Warsaw 2001/CBM 84/[Konikowski] (16)})
13... Bxe4 14. Bxe4 Bf6 15. Qc2 Bxd4 16. Bxh7+ Kh8 17. e3 Bf6 18. Bd3 Nc5 $11 {
1/2-1/2 Benko,P-Gheorghiu,F/Mar del Plata 1965/MCD (27)}) (12... Qxb3 13. axb3
Bb4 (13... Bxh4 14. gxh4 Nef6 (14... Ndf6 15. f3 Nxc3 16. bxc3 a5 17. e4 Bg6
18. Bf4 Rfc8 19. c4 $14 {1-0 Kludacz,M-Horn,E/Stockholm 2001/EXT 2002 (41)})
15. e4 Bg6 16. Bf4 Rfe8 17. Bd6 (17. Rad1 Bh5 18. f3 h6 19. Kf2 Rad8 20. Bc7
Rc8 21. Bd6 $14 {1-0 Grabarczyk,M-Sherwin,J/Panormo 2001/CBM 84 ext (31)})
17... a6 18. d5 cxd5 19. exd5 e5 20. f4 exf4 21. Bxf4 Nc5 $132 {0-1 Kludacz,
M-Kononenko,T/Warsaw 2001/CBM 82 ext (46)}) 14. Nxf5 exf5 15. Bxe4 fxe4 16. Bd2
Rfe8 17. Nxe4 Rxe4 18. Bxb4 Rxd4 19. Bc3 Re4 (19... Rd6 20. Red1 Rxd1+ 21. Rxd1
Nf8 $11 {0-1 Grabarczyk,M-Barkhagen,J/Stockholm 2001/CBM 85 (79)}) 20. Red1 Nf6
21. Bxf6 gxf6 22. e3 Rb4 $11 {1/2-1/2 Urban,K-Kuczynski,R/Cetniewo 1991/CBM 22
ext (30)}) 13. Nxf5 exf5 14. Bxe4 (14. Qc2 Qxd4 (14... Qa5 15. Bd2 Nxd2 16.
Qxd2 Nb6 17. a3 Bxc3 18. bxc3 Nd5 19. Rec1 Rfe8 20. Qd3 Nf6 21. c4 Rad8 22.
Rab1 Re7 23. e3 $14 {0-1 Gokhale,C-Szuhanek,R/Calcutta 1999/CBM 69 ext (58)})
15. Bxe4 Bxc3 16. Rd1 Qxe4 17. Qxe4 fxe4 18. Rxd7 Be5 19. Rxb7 Rfb8 20. Rxb8+
Rxb8 21. Rb1 c5 22. Be3 {1/2-1/2 Tkachiev,V-Vallejo Pons,F/Biel 2002/CBM 91 
(22)}) 14... fxe4 15. Rd1 (15. Bd2 a5 16. Nxe4 Qxd4 17. Bxb4 axb4 18. Rad1 Qxe4
19. Rxd7 c5 $11) 15... Rfe8 (15... Bxc3 $5 16. bxc3 Qa6 17. Bf4 (17. c4 Nb6 18.
c5 Nd5 $17) 17... Nb6 18. Rab1 Rfe8 19. c4 Nxc4 20. Qxb7 Qxa2 21. Rdc1 Nb6 $11)
16. Be3 Qa5 17. d5 c5 (17... Nf6 18. dxc6 bxc6 19. Bd4 $14 {[%csl Rc6]}) 18. a4
{[%csl Rb4][%cal Gc3a2] The passing "d5" pawn and the misplaced black B are
enough to evaluate this position as favourable for White.} (18. Rac1 $5 b5 19.
a3 Bxc3 20. Qxc3 Qxc3 21. Rxc3 c4 22. b3 Ne5 $14) 18... Qb6 19. Nb5 {/\20.Qb4}
(19. Qc4 $5 Nf6 (19... Qg6 $140 20. Qb5 {[%cal Gb5d7,Gb5b7]}) 20. Na2 Ng4 21.
Qxb4 Qxb4 22. Nxb4 Nxe3 23. fxe3 cxb4 24. Rac1 Kf8 25. Rd4 a5 26. Rc7 Re7 $1
27. Rxe7 Kxe7 28. Rxe4+ Kd6 29. Rg4 g6 30. e4 Rc8 $132) 19... Ba5 20. Qc2 $1 (
20. Bf4 $5 e3 21. f3 (21. Bxe3 $140 a6 $19) (21. fxe3 a6 22. Bc7 Qh6 23. Bxa5
axb5 24. axb5 Rxe3 25. Qc4 Qh5 $44) 21... Ne5 22. Qc2 $5 (22. Qxe3 Ng6 23. Qf2
Nxf4 24. gxf4 Qf6 (24... a6 25. Na3 Qxb2 26. Nc4 Qb4 27. Rdc1 $16) 25. e3 Rad8
26. Kh1 Qf5 $132) 22... Rad8 (22... a6 23. Na3 Nxf3+ 24. exf3 e2 25. Re1 $16)
23. d6 Nxf3+ 24. exf3 e2 25. Re1 $16) 20... a6 21. Na3 Qg6 $1 22. Nc4 Bb4 {
[%cal Yb7b5]} 23. a5 (23. Bf4 $1 b6 (23... b5 $140 24. Nd6 $16) 24. h3 $1 Rad8
25. Bc7 Rc8 26. d6 Qe6 27. Kg2 b5 28. axb5 axb5 29. Ne3 $16) 23... Rad8 24. Bf4
Nf6 25. d6 Qh5 $1 $132 26. Kg2 g5 (26... Nd5 $1 27. Bc1 Re6 28. h3 Qf5 $132)
27. Be3 g4 28. Kh1 $2 (28. Qc1 $1 Re6 29. Bg5 Rd7 30. Qf4 Qh3+ 31. Kg1 Nh5 32.
Qe3 $16 {[%csl Rh3,Rh5][%cal Gd1d5]}) 28... Re6 29. Bf4 Nd5 30. Rxd5 $1 (30.
Qc1 e3 $5 31. Bxe3 (31. Nxe3 Nxf4 32. gxf4 g3 $1 33. fxg3 Qxe2 34. Ng2 Rexd6
$19) 31... Nxe3 32. fxe3 (32. Nxe3 Rexd6 33. Qc2 Qg6 $11) 32... Rh6 33. h4 gxh3
34. e4 Re6 35. Qe3 Qg4 36. e5 Qxc4 37. Qg5+ Rg6 38. Qxd8+ Kg7 $40 {[%cal Yc4e4,
Ye4g2,Yc4e2,Ye2g2]}) 30... Qxd5 31. Rd1 $44 Qf5 (31... Qc6 32. Ne5 Qb5 33. Nxg4
Bxa5 34. Rd5 $40) 32. Ne3 Qg6 33. Nc4 h5 $5 (33... Qf5 $11) 34. Rd5 f6 35. Kg2
Qh7 36. Qd1 h4 37. gxh4 Qxh4 38. d7 Qh3+ (38... Re7 39. Rd6 Qh7 40. Qd5+ Qf7
41. Qf5 Rexd7 42. Rxd7 Rxd7 43. Nd6 Rxd6 44. Bxd6 $11) 39. Kg1 Re7 40. Rd6 (40.
Rd6 g3 (40... Qh7 41. Rxf6 Rdxd7 42. Nd6 $40) (40... Qh5 41. Nb6 Qf7 42. Nd5
Rdxd7 43. Nxe7+ Rxe7 $13) 41. Qd5+ Kh8 42. hxg3 Rdxd7 43. Ne5 $1 Rxe5 (43...
fxe5 44. Bxe5+ Rxe5 45. Qxe5+ Rg7 46. Rd8+ Kh7 47. Qxe4+ Rg6 48. Qxb7+ Rg7 49.
Qe4+ Rg6 50. Qa8 $18) 44. Bxe5 Rxd6 45. Bxd6 $16) 1-0